000 00237nam a2200097Ia 4500
001 702997
005 20250826162343.0
008 250824s9999 xx 000 0 und d
245 0 _aKROYÇER SONAT
_cTOLSTOY
260 _bİLETİŞİM YAYINLARI
999 _c702997
_d702997